000 01266nam a22002297a 4500
001 9748
003 FISKH
005 20260204154944.0
008 260204b cb ||||| |||| 00| 0 eng d
020 _a9781107662698
040 _aFISKH
_beng
_cFISKH
_dFISKH
050 _aQA107.2
082 _a428.2
100 _aLow, Emma
_eAuthor
245 _aCambridge primary Mathematics learner’s book 4 /
_cEmma Low
260 _aNew York :
_bCambridge ,
_c2015.
300 _a109 pages :
_bcolor illustrations ;
_c28 cm
520 _aThis series is endorsed by Cambridge International Examinations and is part of Cambridge Maths. Children will enjoy learning mathematics with this fun and attractive learner's book for stage 4. A variety of questions, activities, investigations and games that are designed to reinforce the concepts learnt in the core activities in the teacher's guide and address misconceptions are included along with hints and tips. Clear, often pictorial, explanation of mathematical vocabulary will help children learn new terms whether they are native English speakers or second language speakers and great care has been made to ensure language is accessible.
650 _aMathematics
_2Learner's book
942 _2ddc
_cBK
_n0
999 _c9748
_d9748